000
00279nam a2200121Ia 4500
008
190216s9999||||xx |||||||||||||| ||und||
100
_a
Wichman H Egvind
245
0
_a
Quantum Physics
260
_b
Tata Mcgrawhill Publishers
300
_a
423
650
_a
Physics
942
_c
BK
999
_c
34355
_d
34355